Italian journal of animal science journal and official organ of the Scientific Association of Animal Production (A.S.P.A.).

Detalles Bibliográficos
Título anterior:Zootecnica e nutrizion animale
Produzione animale
Autor Corporativo: Associazione scientifica di produzione animale
Formato: Electrónico Revista
Lenguaje:inglés
italiano
Publicado: Bologna : Edizioni Avenue Media
Materias:
Acceso en línea:Full text available from Research Library: 01/01/2011 to present

MARC

LEADER 00000nas a2200000 a 4500
001 ssj0060323
003 WaSeSS
005 20200512172242.0
006 m d
007 cr n
008 030808c20029999it qr p s 0 0eng c
010 |a  2011254535 
022 |l 1594-4077  |y 1594-4077 
035 |a (WaSeSS)ssj0060323 
040 |a LDL  |b eng  |c LDL  |d OCLCQ  |d AGL  |d OCL  |d OCLCQ  |d CUV  |d OCLCQ  |d CUV  |d OCLCF  |d OCLCO  |d OCLCA  |d OCLCO  |d OCLCQ  |d RDF  |d OCLCO  |d CUS  |d OCLCA  |d DLC  |d WaSeSS 
041 0 |a eng  |a ita 
042 |a pcc 
043 |a e-it--- 
050 1 4 |a SF1  |b .Z665x 
070 0 |a SF1  |b .I83 
072 0 |a L000 
072 0 |a L100 
210 0 |a Ital. J. Anim. Sci. 
222 0 |a Italian journal of animal science 
245 0 0 |a Italian journal of animal science  |h [electronic resource] :  |b journal and official organ of the Scientific Association of Animal Production (A.S.P.A.). 
246 1 |i Also known as:  |a IJAS 
246 1 7 |a Ital. j. anim. sci 
260 |a Bologna :  |b Edizioni Avenue Media 
310 |a Quarterly 
362 1 |a Began in 2002.  |z Cf. ISSN compact. 
506 |a License restrictions may limit access. 
515 |a Vol. 2 (Oct.-Dec. 2003)- called also 03/4- 
546 |a Text in English; abstracts in English and Italian. 
588 |a Description based on: Vol. 2 (Jan.-Mar. 2003). 
588 |a Latest issue consulted: Vol. 2 (Oct.-Dec. 2003). 
610 2 0 |a Associazione scientifica di produzione animale  |v Periodicals. 
610 2 7 |a Associazione scientifica di produzione animale.  |2 fast  |0 (OCoLC)fst00631927 
650 0 |a Animal culture  |v Periodicals. 
650 0 |a Livestock  |z Italy  |v Periodicals. 
650 0 |a Veterinary medicine  |z Italy  |v Periodicals. 
650 7 |a Animal culture.  |2 fast  |0 (OCoLC)fst00809131 
650 7 |a Livestock.  |2 fast  |0 (OCoLC)fst01000722 
650 7 |a Veterinary medicine.  |2 fast  |0 (OCoLC)fst01165977 
651 7 |a Italy.  |2 fast  |0 (OCoLC)fst01204565 
655 0 |a Electronic journals. 
710 2 |a Associazione scientifica di produzione animale. 
780 0 0 |t Zootecnica e nutrizion animale  |w (OCoLC)1360939 
780 0 5 |t Produzione animale  |w (OCoLC)2456626 
856 4 0 |z Full text available from Research Library: 01/01/2011 to present  |u https://search.proquest.com/publication/3934961